[Event "Senior Master Norms for the Brave & Bold"]
[Site "SchemingMind.com"]
[Date "2007.06.02"]
[Round "-"]
[White "lone_psycho"]
[Black "Katarrov"]
[Result "1-0"]
[WhiteCountry "USA"]
[BlackCountry "ESP"]
[WhiteElo "2188"]
[WhiteRD "103"]
[BlackElo "2158"]
[BlackRD "93"]
[GameID "107652"]

1. d4 d5 2. c4 c6 3. Nc3 Nf6 4. Nf3 e6 5. Bg5 Be7 6. e3 O-O 7. Qc2 Nbd7 8. O-O-O dxc4 9. Bxc4 b5 10. Bd3 Bb7
11. Kb1 a6 12. Ne5 h6 13. Nxd7 Nxd7 14. h4 Bxg5 15. hxg5 Qxg5 16. g4 Rfe8 17. f4 Qe7 18. g5 c5 19. Be4 Bxe4 20. Nxe4 c4
21. gxh6 g6 22. Qc3 Nf6 23. d5 e5 24. Ng5 Rad8 25. h7+ Kg7 26. d6 Qd7 27. fxe5 Qf5+ 28. e4 Qxg5 29. exf6+ Qxf6 30. d7 Rh8
31. e5 Qe6 32. Qd4 b4 33. Qh4
1-0

[Event "Senior Master Norms for the Brave & Bold"]
[Site "SchemingMind.com"]
[Date "2007.06.02"]
[Round "-"]
[White "Katarrov"]
[Black "lone_psycho"]
[Result "1-0"]
[WhiteCountry "ESP"]
[BlackCountry "USA"]
[WhiteElo "2192"]
[WhiteRD "93"]
[BlackElo "2176"]
[BlackRD "95"]
[GameID "107653"]

1. e4 c5 2. Nf3 Nc6 3. d4 cxd4 4. Nxd4 Nf6 5. Nc3 e5 6. Ndb5 d6 7. Bg5 a6 8. Na3 b5 9. Nd5 Be7 10. Bxf6 Bxf6
11. c3 Bg5 12. Nc2 O-O 13. a4 bxa4 14. Rxa4 a5 15. Bc4 Kh8 16. O-O Rb8 17. b4 f5 18. b5 Ne7 19. Nxe7 Qxe7 20. exf5 Qc7
21. g4 Rd8 22. Qd3 Bb7 23. Be6 d5 24. Rfa1 Ra8 25. Rd1 Bf4 26. h4 e4 27. Qh3 Be5 28. Nd4 Rd6 29. g5 Rb6 30. h5 h6
31. gxh6 gxh6 32. Kf1 Rf8 33. c4 dxc4 34. Rxc4 Qg7 35. Nc6 Rxb5 36. Nxe5 Qxe5 37. Qe3 Qf6 38. Kg1 Qg7+ 39. Kh2 Rfxf5 40. Bxf5 Rxf5
41. Rc5 Rf3 42. Rd8+ Kh7 43. Qd2
1-0

[Event "Senior Master Norms for the Brave & Bold"]
[Site "SchemingMind.com"]
[Date "2007.06.03"]
[Round "-"]
[White "Adunatos"]
[Black "Katarrov"]
[Result "1-0"]
[WhiteCountry "NED"]
[BlackCountry "ESP"]
[WhiteElo "2296"]
[WhiteRD "70"]
[BlackElo "2219"]
[BlackRD "97"]
[GameID "107740"]

1. d4 d5 2. c4 c6 3. Nf3 e6 4. g3 Nf6 5. Bg2 Nbd7 6. O-O Bd6 7. Qc2 O-O 8. b3 e5 9. Nc3 exd4 10. Nxd4 dxc4
11. Rd1 Be5 12. bxc4 Qe7 13. a4 Nc5 14. Ba3 Bg4 15. h3 Bd7 16. a5 Rfd8 17. Na4 Bd6 18. a6 b6 19. Bxc6 Rac8 20. Bxd7 Rxd7
21. Nf5 Qe6 22. Rxd6 Rxd6 23. Nxc5 bxc5 24. Nxd6 Qxd6 25. Qf5 Rc6 26. Bb2 g6 27. Qf3 Ne8 28. Ra3 Rxa6 29. Qc3 f6 30. Qe3 Nc7
31. Rd3 Qf8 32. Rd7 Re6 33. Qf4 Ne8 34. Qf3 Re7 35. Rd8 Kg7 36. Ba3 Qf7 37. Bxc5 Rd7 38. Rxd7 Qxd7 39. Qa8 a5 40. Qxa5 Qd1+
41. Kh2 Qxe2 42. Qa7+ Kg8 43. Qd7 Ng7 44. Qd8+ Qe8 45. Qxf6 Ne6 46. Be3 Qc6 47. c5 Qd5 48. h4 Qd7 49. Qf3 Nd8 50. Bg5
1-0

[Event "Senior Master Norms for the Brave & Bold"]
[Site "SchemingMind.com"]
[Date "2007.06.02"]
[Round "-"]
[White "Adunatos"]
[Black "lone_psycho"]
[Result "1/2-1/2"]
[WhiteCountry "NED"]
[BlackCountry "USA"]
[WhiteElo "2237"]
[WhiteRD "58"]
[BlackElo "2176"]
[BlackRD "95"]
[GameID "107741"]

1. d4 Nf6 2. c4 e6 3. Nc3 Bb4 4. e3 O-O 5. Bd3 d5 6. Nf3 c5 7. O-O Nc6 8. a3 Bxc3 9. bxc3 dxc4 10. Bxc4 Qc7
11. a4 b6 12. Ba3 Rd8 13. Qc2 Bb7 14. Bd3 Rac8 15. Rac1 Qd7 16. Rfd1 Nb4=
1/2-1/2

[Event "Senior Master Norms for the Brave & Bold"]
[Site "SchemingMind.com"]
[Date "2007.06.03"]
[Round "-"]
[White "Katarrov"]
[Black "Adunatos"]
[Result "0-1"]
[WhiteCountry "ESP"]
[BlackCountry "NED"]
[WhiteElo "2181"]
[WhiteRD "96"]
[BlackElo "2322"]
[BlackRD "72"]
[GameID "107742"]

1. e4 e6 2. d4 d5 3. e5 c5 4. c3 Nc6 5. Nf3 Bd7 6. Be2 Nge7 7. Na3 cxd4 8. cxd4 Nf5 9. Nc2 Rc8 10. O-O Qb6
11. g4 Nfe7 12. Be3 h5 13. h3 Ng6 14. Qd3 Be7 15. b3 a6 16. Rac1 hxg4 17. hxg4 Na7 18. a4 Nc6 19. Rb1 Kf8 20. Bd2 Kg8
21. b4 Na7 22. Ra1 Qd8 23. Rfc1 Qe8 24. Qb3 f6 25. Qe3 Nf8 26. Nce1 Rxc1 27. Rxc1 Bxa4 28. exf6 gxf6 29. Ng2 Nc6 30. Nf4 Qf7
31. Ra1 Qh7 32. Nh5 Bb5 33. Bxb5 axb5 34. Qf4 f5 35. Ng3 fxg4 36. Qxg4+ Qg7 37. Qxg7+ Kxg7 38. Ne5 Nxe5 39. dxe5 Ng6 40. f4 Rc8
41. Ra7 Rc2 42. Nf1 Kf8 43. Rxb7 Nh4 44. Kf2 Bxb4 45. Ke2 Bxd2 46. Nxd2 Rb2 47. Kd1 Rb4 48. Rb6 Kf7 49. Rb7+ Kg6 50. Ke2 Rxf4
51. Rxb5 Kf5 52. Rb7 Kxe5 53. Rh7 Nf5 54. Nf3+ Kf6 55. Ra7 Nd4+ 56. Nxd4 Rxd4
0-1

[Event "Senior Master Norms for the Brave & Bold"]
[Site "SchemingMind.com"]
[Date "2007.06.02"]
[Round "-"]
[White "lone_psycho"]
[Black "Adunatos"]
[Result "1/2-1/2"]
[WhiteCountry "USA"]
[BlackCountry "NED"]
[WhiteElo "2188"]
[WhiteRD "100"]
[BlackElo "2252"]
[BlackRD "64"]
[GameID "107743"]

1. Nf3 Nf6 2. c4 c5 3. Nc3 g6 4. e4 Bg7 5. d4 cxd4 6. Nxd4 O-O 7. Be2 d6 8. O-O Nc6 9. Be3 Bd7 10. Qd2 Nxd4
11. Bxd4 Bc6 12. f3 Nd7 13. Be3 a5 14. b3 Re8 15. Rad1 Nc5= 16. Qe1 b6 17. Qd2 Rc8 18. Bd4 Bxd4+ 19. Qxd4 Qc7 20. Nd5 Qd8
21. Ne3 Ne6 22. Qd2 Nc5 23. Rfe1 Qc7 24. Nd5 Bxd5 25. cxd5 Red8 26. Qe3 Qd7 27. a3 Rc7 28. b4 Na4 29. Rc1 Rdc8 30. Ba6 Rxc1
31. Rxc1 Rc7 32. Qd2 e6 33. Rxc7 Qxc7 34. e5 exd5 35. Bb5 Nc5 36. Qxd5 Nb7 37. Ba6 Qc1+ 38. Kf2 Nd8 39. Be2 Qg5 40. Qxd6 Qh4+
41. Kf1 Ne6 42. Qxb6=
1/2-1/2

[Event "Senior Master Norms for the Brave & Bold"]
[Site "SchemingMind.com"]
[Date "2007.06.06"]
[Round "-"]
[White "Dread"]
[Black "Katarrov"]
[Result "1/2-1/2"]
[WhiteCountry "GER"]
[BlackCountry "ESP"]
[WhiteElo "2114"]
[WhiteRD "81"]
[BlackElo "2175"]
[BlackRD "92"]
[GameID "108147"]

1. e4 e5 2. f4 exf4 3. Nf3 g5 4. Bc4 Bg7 5. O-O d6 6. d4 h6 7. g3 g4 8. Nh4 f3 9. Nc3 Nc6 10. Be3 Nge7
11. Nxf3 gxf3 12. Bxf7+ Kxf7 13. Qxf3+ Kg6 14. Qf7+ Kh7 15. Rf6 Nf5 16. Qg6+=
1/2-1/2

[Event "Senior Master Norms for the Brave & Bold"]
[Site "SchemingMind.com"]
[Date "2007.06.05"]
[Round "-"]
[White "Dread"]
[Black "lone_psycho"]
[Result "0-1"]
[WhiteCountry "GER"]
[BlackCountry "USA"]
[WhiteElo "2114"]
[WhiteRD "81"]
[BlackElo "2103"]
[BlackRD "108"]
[GameID "108148"]

1. e4 e5 2. f4 exf4 3. Nf3 d6 4. Bc4 h6 5. O-O g5 6. c3 Nc6 7. d4 Bg7 8. Qa4 Bd7 9. Qb3 Na5 10. Bxf7+ Kf8
11. Qa3 Kxf7 12. Qxa5 c5 13. Qa3 cxd4 14. Qxd6 dxc3 15. Nxc3 Qb6+ 16. Qxb6 axb6 17. Nd5 Bc6 18. h4 Kg6 19. Nc7 Rc8 20. Ne6 Bf6
21. g3 Bxe4 22. gxf4 gxh4 23. Ne5+ Kh5 24. Re1 Bf5 25. Nf7 Rh7 26. Nd6 Bxe6 27. Rxe6 Rc2 28. Be3 Rg7+ 29. Kh1 Rgg2 30. Bg1 h3
31. Nf5 Rxb2 32. a3 Rb5 33. Nd6 Bxa1 34. Nxb5 Nf6 35. Bxb6 Kg4 36. Nd6 Nh5 37. Rg6+ Kf3
0-1

[Event "Senior Master Norms for the Brave & Bold"]
[Site "SchemingMind.com"]
[Date "2007.06.06"]
[Round "-"]
[White "Dread"]
[Black "Adunatos"]
[Result "1/2-1/2"]
[WhiteCountry "GER"]
[BlackCountry "NED"]
[WhiteElo "2130"]
[WhiteRD "84"]
[BlackElo "2281"]
[BlackRD "58"]
[GameID "108149"]

1. e4 e6 2. d4 d5 3. Nc3 Nf6 4. Bg5 dxe4 5. Nxe4 Nbd7 6. Nf3 h6 7. Nxf6+ Nxf6 8. Bh4 c5 9. dxc5 Bxc5 10. Qxd8+ Kxd8
11. Ne5 Ke7 12. Rd1 g5 13. Bg3 Ne4 14. Bd3 Nxg3=
1/2-1/2

[Event "Senior Master Norms for the Brave & Bold"]
[Site "SchemingMind.com"]
[Date "2007.06.05"]
[Round "-"]
[White "lone_psycho"]
[Black "Dread"]
[Result "0-1"]
[WhiteCountry "USA"]
[BlackCountry "GER"]
[WhiteElo "2103"]
[WhiteRD "108"]
[BlackElo "2114"]
[BlackRD "81"]
[GameID "108151"]

1. d4 Nf6 2. Nf3 g6 3. c4 d6 4. Nc3 Bg7 5. e4 O-O 6. Be2 e5 7. O-O Nc6 8. d5 Ne7 9. Ne1 Nd7 10. Be3 f5
11. f3 f4 12. Bf2 h6 13. Nd3 b6 14. b4 a5 15. a3 Ba6 16. c5 bxc5 17. bxc5 Bxd3 18. Qxd3 Nxc5 19. Qc4 Rf7 20. Nb5 Bf8
21. Bxc5 dxc5 22. Qxc5 Nf5 23. Qc6 Ne3 24. Rfb1 Rb8 25. Ra2 Rf6 26. Qc3 c6 27. dxc6 Qb6 28. Kh1 Rxc6 29. Qxe5 Bg7 30. Qxf4 Rbc8
31. h4 g5 32. Qg3 Rc1+
0-1

[Event "Senior Master Norms for the Brave & Bold"]
[Site "SchemingMind.com"]
[Date "2007.06.06"]
[Round "-"]
[White "Robert Pallett"]
[Black "Katarrov"]
[Result "1/2-1/2"]
[WhiteCountry "ENG"]
[BlackCountry "ESP"]
[WhiteElo "2317"]
[WhiteRD "72"]
[BlackElo "2175"]
[BlackRD "92"]
[GameID "108206"]

1. e4 e5 2. Nf3 Nc6 3. Bb5 a6 4. Ba4 Nf6 5. O-O Be7 6. Re1 b5 7. Bb3 O-O 8. c3 d5 9. exd5 Nxd5 10. Nxe5 Nxe5
11. Rxe5 c6 12. d4 Bd6 13. Re1 Qh4 14. g3 Qh3 15. Re4 g5 16. Qf3 Bf5 17. Bxd5 cxd5 18. Re3 Be4 19. Rxe4 dxe4 20. Qf6 Qg4
21. Nd2 e3 22. fxe3 Bc7 23. Nf3 h6 24. Bd2 Rad8 25. Qxh6 Qxf3 26. Qxg5+=
1/2-1/2

[Event "Senior Master Norms for the Brave & Bold"]
[Site "SchemingMind.com"]
[Date "2007.06.06"]
[Round "-"]
[White "Robert Pallett"]
[Black "Dread"]
[Result "1/2-1/2"]
[WhiteCountry "ENG"]
[BlackCountry "GER"]
[WhiteElo "2289"]
[WhiteRD "71"]
[BlackElo "2116"]
[BlackRD "80"]
[GameID "108207"]

1. e4 c5 2. Nf3 Nc6 3. d4 cxd4 4. Nxd4 e5 5. Nb5 d6 6. Bd3 Be7 7. h3 Nf6 8. O-O Be6 9. c4 O-O 10. N1c3 a6
11. Na3 Nd7 12. Nc2 Nc5 13. Be2 f5 14. exf5 Bxf5 15. Be3 Bg5 16. Qd2 Bxe3 17. Nxe3 Bg6 18. Rad1 Nd4 19. Ned5 Qh4 20. Qe3 Bc2
21. Rc1 Bf5 22. b3 Rae8 23. Rcd1 Nc2 24. Qg3 Qh6 25. Kh2 Nd4 26. Qe3 Qg6 27. b4 Nce6 28. Bd3 Bxd3 29. Qxd3 Qxd3 30. Rxd3 b5
31. cxb5 axb5 32. f4 g5 33. g3 Ra8 34. Kg2 gxf4 35. gxf4 Kg7 36. fxe5 Rxf1 37. Kxf1 Rf8+ 38. Kg2 dxe5 39. a4 bxa4 40. Nxa4 Kg6
41. Nac3 Rb8 42. Rg3+=
1/2-1/2

[Event "Senior Master Norms for the Brave & Bold"]
[Site "SchemingMind.com"]
[Date "2007.06.06"]
[Round "-"]
[White "Robert Pallett"]
[Black "lone_psycho"]
[Result "1-0"]
[WhiteCountry "ENG"]
[BlackCountry "USA"]
[WhiteElo "2289"]
[WhiteRD "71"]
[BlackElo "2078"]
[BlackRD "124"]
[GameID "108208"]

1. e4 c5 2. Nf3 Nc6 3. d4 cxd4 4. Nxd4 Nf6 5. Nc3 e5 6. Ndb5 d6 7. Bg5 a6 8. Na3 b5 9. Bxf6 gxf6 10. Nd5 Bg7
11. c4 b4 12. Nc2 f5 13. exf5 Bxf5 14. Nce3 Be6 15. Bd3 Rb8 16. Nf5 Bxf5 17. Bxf5 Nd4 18. Qg4 O-O 19. O-O Re8 20. Rae1 Nxf5
21. Qxf5 Qc8 22. Qc2 f5 23. Re3 Rb7 24. a3 f4 25. Rh3 e4 26. axb4 f3 27. Rh4 Re5 28. Rd1 Rf7 29. Ne3 Qb7 30. Qb3 fxg2
31. Rg4 Rd7 32. Nd5 Kh8 33. Re1 Rf7 34. Rexe4 Rf8 35. Rxe5
1-0

[Event "Senior Master Norms for the Brave & Bold"]
[Site "SchemingMind.com"]
[Date "2007.06.06"]
[Round "-"]
[White "Robert Pallett"]
[Black "Adunatos"]
[Result "1-0"]
[WhiteCountry "ENG"]
[BlackCountry "NED"]
[WhiteElo "2315"]
[WhiteRD "72"]
[BlackElo "2281"]
[BlackRD "58"]
[GameID "108209"]

1. e4 e6 2. d4 d5 3. Nc3 Nf6 4. Bg5 dxe4 5. Nxe4 Nbd7 6. Nf3 h6 7. Nxf6+ Nxf6 8. Be3 Nd5 9. Qd2 Nxe3 10. Qxe3 Bd6
11. O-O-O O-O 12. Ne5 f6 13. Ng6 Re8 14. f4 Bd7 15. g4
1-0

[Event "Senior Master Norms for the Brave & Bold"]
[Site "SchemingMind.com"]
[Date "2007.06.06"]
[Round "-"]
[White "Katarrov"]
[Black "Robert Pallett"]
[Result "1/2-1/2"]
[WhiteCountry "ESP"]
[BlackCountry "ENG"]
[WhiteElo "2158"]
[WhiteRD "93"]
[BlackElo "2315"]
[BlackRD "72"]
[GameID "108210"]

1. d4 Nf6 2. c4 e6 3. Nc3 Bb4 4. e3 O-O 5. Bd3 d5 6. Nf3 c5 7. O-O Nc6 8. a3 Bxc3 9. bxc3 dxc4 10. Bxc4 Qc7
11. Bd3 e5 12. Qc2 Re8 13. Nxe5 Nxe5 14. dxe5 Qxe5 15. f3 b6 16. Bd2 Bd7 17. c4 Rad8 18. a4 a6 19. Rfd1 Bc6 20. Kh1 h6
21. e4 a5 22. Bc3 Qg5 23. Rab1 Nd7 24. Bf1 Qf4 25. Be2 Re6 26. Rd2 Qc7 27. Qb3 Rde8=
1/2-1/2

[Event "Senior Master Norms for the Brave & Bold"]
[Site "SchemingMind.com"]
[Date "2007.06.07"]
[Round "-"]
[White "Dread"]
[Black "Robert Pallett"]
[Result "0-1"]
[WhiteCountry "GER"]
[BlackCountry "ENG"]
[WhiteElo "2116"]
[WhiteRD "80"]
[BlackElo "2289"]
[BlackRD "71"]
[GameID "108211"]

1. e4 e5 2. f4 exf4 3. Nf3 g5 4. Bc4 Bg7 5. O-O c6 6. c3 d5 7. exd5 cxd5 8. Bb5+ Nc6 9. d4 Qf6 10. c4 Ne7
11. cxd5 Nxd5 12. Nc3 Qd8 13. Ne4 h6 14. Bxc6+ bxc6 15. Qc2 O-O 16. Qxc6 Rb8 17. Qc5 Re8 18. Nd6 Re6 19. Nxc8 Rxc8 20. Qxa7 Re2
21. Kh1 g4 22. Ng1 Re4 23. Qa6 Qd7 24. Bd2 Rxd4 25. Bc3 Ra4 26. Qe2 Bxc3 27. bxc3 Qe6 28. Qb2 Ne3 29. Rf2 Rd8 30. Rd2 Rxd2
31. Qxd2 Qe4 32. a3 Rc4 33. Rc1 h5 34. Qd8+ Kh7 35. Qd2 f6 36. Qf2 f5 37. Ne2 Nxg2
0-1

[Event "Senior Master Norms for the Brave & Bold"]
[Site "SchemingMind.com"]
[Date "2007.06.06"]
[Round "-"]
[White "lone_psycho"]
[Black "Robert Pallett"]
[Result "1-0"]
[WhiteCountry "USA"]
[BlackCountry "ENG"]
[WhiteElo "2188"]
[WhiteRD "103"]
[BlackElo "2315"]
[BlackRD "72"]
[GameID "108212"]

1. e4 c5 2. Nf3 Nc6 3. d4 cxd4 4. Nxd4 Nf6 5. Nc3 e5 6. Ndb5 d6 7. Bg5 a6 8. Na3 b5 9. Nd5 Be7 10. Bxf6 Bxf6
11. c3 Be6 12. Nc2 O-O 13. a4 Bxd5 14. exd5 Ne7 15. axb5 Qb6 16. Bd3 axb5 17. Rxa8 Rxa8 18. O-O Qc5 19. Qe2 Nxd5 20. Qe4 g6
21. b4 Qc6 22. Ne3 Ne7 23. Qxc6 Nxc6 24. Bxb5 Ne7 25. Bc4 Bg5 26. Bb3 Rc8 27. c4 Ra8 28. g3 Kf8 29. Nc2 Bd2 30. b5 Nc8
31. Rd1 Ba5 32. Ra1 Nb6 33. Kf1 Ke7 34. Ke2 f5 35. h4 h5 36. Ne1 Bxe1 37. Rxa8 Nxa8 38. Kxe1 Nb6 39. Kd2 Nd7 40. Bd1 Kd8
41. Bf3 Nf6 42. Bd5 Nxd5 43. cxd5 Kc7 44. Kc3 f4 45. gxf4 exf4 46. Kb4 g5 47. hxg5 h4 48. g6 h3 49. g7 h2 50. g8=Q h1=Q
51. Qg7+ Kb6 52. Qd4+ Kb7 53. Qxf4 Qxd5 54. Qe3 Qd1 55. f3 Qb1+ 56. Qb3 Qe1+ 57. Qc3 Qb1+ 58. Kc4 Qa2+ 59. Kd4 Qa4+ 60. Kd5 Qxb5+
61. Kxd6 Qa6+ 62. Ke7 Qe2+ 63. Kf7 Qa2+ 64. Kg7 Qg2+ 65. Kf8 Qh3 66. Qf6 Kb8 67. Qe5+ Kc8 68. f4 Qh6+ 69. Kf7 Qh7+ 70. Qg7 Qe4
71. Qf8+ Kd7 72. Kg8 Qe6+ 73. Qf7+ Kd6 74. f5 Qc8+ 75. Kg7 Ke5 76. f6 Qc3 77. Qe7+ Kf5 78. Qd6 Kg5 79. Qd5+ Kf4 80. Qh5 Qb2
81. Kg6
1-0

[Event "Senior Master Norms for the Brave & Bold"]
[Site "SchemingMind.com"]
[Date "2007.06.06"]
[Round "-"]
[White "Adunatos"]
[Black "Robert Pallett"]
[Result "0-1"]
[WhiteCountry "NED"]
[BlackCountry "ENG"]
[WhiteElo "2281"]
[WhiteRD "58"]
[BlackElo "2315"]
[BlackRD "72"]
[GameID "108213"]

1. d4 Nf6 2. c4 e6 3. Nc3 Bb4 4. e3 c5 5. Bd3 d5 6. Nf3 O-O 7. O-O Nc6 8. a3 Bxc3 9. bxc3 dxc4 10. Bxc4 Qc7
11. a4 Rd8 12. Qc2 Na5= 13. Bd3 b6 14. Ne5 c4
0-1

[Event "Senior Master Norms for the Brave & Bold"]
[Site "SchemingMind.com"]
[Date "2007.06.06"]
[Round "-"]
[White "Aumonde"]
[Black "Katarrov"]
[Result "0-1"]
[WhiteCountry "USA"]
[BlackCountry "ESP"]
[WhiteElo "2207"]
[WhiteRD "65"]
[BlackElo "2219"]
[BlackRD "97"]
[GameID "108242"]

1. d4 d5 2. c4 c6 3. Nf3 e6 4. Qc2 Nf6 5. g3 Nbd7 6. Bg2 Bd6 7. O-O O-O 8. b3 e5 9. cxd5 e4 10. Nh4 cxd5
11. Nf5 Bb4 12. a3 Ba5 13. Bg5 h6 14. Bh4 Kh7 15. g4 Nb8 16. f3 g5 17. Bf2 Bxf5 18. gxf5 Nc6 19. b4 Bb6 20. e3 exf3
21. Bxf3 Qd7 22. Nc3 Rac8 23. Bg2 Rfe8 24. Qd3 Bc7 25. Kh1 a6 26. Bg1 b5 27. Rad1 Ne7 28. e4 dxe4 29. Nxe4 Ned5 30. Nxf6+ Nxf6
31. Bb7 Rb8 32. Qf3 Re7 33. Bc6 Qd6 34. Rc1 Bb6 35. Rfd1 Rd8 36. Bb7 g4 37. Qg2 Qd7 38. Bxa6 Kg7 39. Rc2 Qxf5 40. Rc6 Re6
41. Bc8 Rxc8 42. Rxc8 Nd5 43. Rf1 Qg5 44. Rb8 h5 45. Qb2 Rf6 46. Re1 Nf4 47. Re5 Qg6 48. Qc3 Rc6 49. Qe3 Bc7 50. Rbxb5 Bxe5
51. Qxe5+ Rf6 52. Qg5 Nh3 53. Qxg6+ Kxg6 54. Be3 Rf1+ 55. Kg2 Re1 56. Re5 f6 57. Re7 f5 58. d5 Nf4+ 59. Kg3 Nxd5 60. Kf2 Rh1
61. Re6+ Kf7 62. Re5 Nxe3 63. Kxe3 Kf6 64. Rb5 Rxh2 65. a4 Rh3+
0-1

[Event "Senior Master Norms for the Brave & Bold"]
[Site "SchemingMind.com"]
[Date "2007.06.06"]
[Round "-"]
[White "Aumonde"]
[Black "Robert Pallett"]
[Result "0-1"]
[WhiteCountry "USA"]
[BlackCountry "ENG"]
[WhiteElo "2262"]
[WhiteRD "56"]
[BlackElo "2340"]
[BlackRD "73"]
[GameID "108243"]

1. e4 e5 2. Nf3 Nc6 3. Bc4 Nf6 4. d3 Bc5 5. Nc3 d6 6. Na4 a6 7. Nxc5 dxc5 8. Be3 Qd6 9. a4 h6 10. O-O b6
11. Nd2 Be6 12. Bxe6 Qxe6 13. f4 exf4 14. Bxf4 O-O-O 15. Bg3 Rhe8 16. Bh4 g5 17. Bg3 Ng4 18. Nc4 f6 19. h3 Nce5 20. Nxe5 Ne3
21. Rxf6 Qxf6 22. Qd2 Rxe5 23. Bxe5 Qxe5 24. Qxe3 Qxb2 25. Qc1 Qd4+ 26. Kh1 c4 27. Ra3 a5 28. Qb1 h5 29. Qf1 g4 30. dxc4 Qxe4
31. c5 Qxc2 32. Qa6+ Kb8 33. cxb6 Qc1+ 34. Kh2 Qf4+ 35. Rg3 h4 36. Qa7+ Kc8 37. Qa6+ Kd7 38. Qd3+ Kc6 39. Qb5+ Kd6 40. Qd3+ Ke5
41. Qe3+ Qxe3 42. Rxe3+ Kf4 43. Re1 g3+ 44. Kg1 cxb6 45. Rf1+ Ke3 46. Re1+ Kd2 47. Re6 Rd4 48. Rxb6 Rxa4 49. Rd6+ Ke3 50. Re6+ Re4
51. Ra6 Kd2 52. Rd6+ Ke2 53. Ra6 a4 54. Ra7 Kd2 55. Rd7+ Kc3 56. Rc7+ Kb3 57. Kf1 a3 58. Rb7+ Rb4
0-1

[Event "Senior Master Norms for the Brave & Bold"]
[Site "SchemingMind.com"]
[Date "2007.06.06"]
[Round "-"]
[White "Aumonde"]
[Black "Dread"]
[Result "1-0"]
[WhiteCountry "USA"]
[BlackCountry "GER"]
[WhiteElo "2262"]
[WhiteRD "56"]
[BlackElo "2128"]
[BlackRD "86"]
[GameID "108244"]

1. c4 Nf6 2. Nc3 g6 3. g3 Bg7 4. Bg2 O-O 5. e4 d6 6. Nge2 c5 7. d3 Nc6 8. O-O Bd7 9. Rb1 a6 10. a3 b5
11. cxb5 axb5 12. Nxb5 Qa5 13. Nbc3 Rfb8 14. h3 Ne8 15. Be3 Nd4 16. Bd2 Nb3 17. Bf4 Nc7 18. Bg5 f6 19. Be3 e5 20. f4 Be6
21. f5 Bf7 22. Kh2 Nd4 23. Qd2 g5 24. Rfd1 h5 25. h4 g4 26. Rf1 Qa6 27. Bh6 Kh7 28. Bxg7 Kxg7 29. Nxd4 cxd4 30. Ne2 Rb3
31. Nc1 Rb7 32. Rf2 Qb5 33. Ra1 Rab8 34. Qd1 Qa5 35. Qc2 Rxb2 36. Qxb2 Rxb2 37. Rxb2 Qc3 38. Rab1 Qxa3 39. Rb8 Qa4 40. R1b7 Qc6
41. Ra7 Nb5 42. Re7 d5 43. exd5 Qc5 44. Rxf7+ Kxf7 45. Nb3 Qb4 46. d6 Qxd6 47. Rxb5 Kg7 48. Nc5
1-0

[Event "Senior Master Norms for the Brave & Bold"]
[Site "SchemingMind.com"]
[Date "2007.06.06"]
[Round "-"]
[White "Aumonde"]
[Black "lone_psycho"]
[Result "1/2-1/2"]
[WhiteCountry "USA"]
[BlackCountry "USA"]
[WhiteElo "2277"]
[WhiteRD "59"]
[BlackElo "2188"]
[BlackRD "103"]
[GameID "108245"]

1. Nf3 d5 2. d4 c6 3. Bf4 Nf6 4. Nbd2 g6 5. e3 Bg7 6. Bd3 O-O 7. O-O Nh5 8. Be5 f6 9. Bxb8 Rxb8 10. c4 e5
11. Be2 dxc4 12. Bxc4+ Kh8 13. Rc1 Qe7 14. Nb3 Bg4 15. h3 Bxf3 16. Qxf3 f5 17. Nc5 exd4 18. exd4 Rfe8 19. Ne6 Bf6 20. Rfe1 Ng7
21. d5 cxd5 22. Bxd5 Bxb2 23. Rb1 Nxe6 24. Rxe6 Qc7 25. Rxe8+ Rxe8 26. Bxb7 Bd4 27. Bc6 Re6 28. Rd1 Qb6 29. Bd5 Re5 30. Bb3 Re8
31. g3 Qc5=
1/2-1/2

[Event "Senior Master Norms for the Brave & Bold"]
[Site "SchemingMind.com"]
[Date "2007.06.06"]
[Round "-"]
[White "Aumonde"]
[Black "Adunatos"]
[Result "1-0"]
[WhiteCountry "USA"]
[BlackCountry "NED"]
[WhiteElo "2249"]
[WhiteRD "57"]
[BlackElo "2256"]
[BlackRD "61"]
[GameID "108246"]

1. e4 e6 2. d4 d5 3. Nd2 Nf6 4. e5 Nfd7 5. f4 c5 6. c3 Nc6 7. Ndf3 Qb6 8. Ne2 Be7 9. Qc2 O-O 10. Be3 a5
11. dxc5 Nxc5 12. Ng3 Bd7 13. Be2 a4 14. Rd1 g6 15. O-O Rfe8 16. c4 Nb4 17. Qb1 a3 18. b3 Bc6 19. Nd4 Red8 20. Bf2 Rac8
21. Rc1 Rc7 22. cxd5 Bxd5 23. Rfd1 h5 24. Nb5 h4 25. Nf1 Rc6 26. Nd2 h3 27. gxh3 Bh4 28. Be3 Be7 29. h4 Qa5 30. Nd4 Rcc8
31. h5 gxh5 32. h3 Kh8 33. Kh2 Rg8 34. Rg1 h4 35. Nf5
1-0

[Event "Senior Master Norms for the Brave & Bold"]
[Site "SchemingMind.com"]
[Date "2007.06.07"]
[Round "-"]
[White "Katarrov"]
[Black "Aumonde"]
[Result "1/2-1/2"]
[WhiteCountry "ESP"]
[BlackCountry "USA"]
[WhiteElo "2219"]
[WhiteRD "97"]
[BlackElo "2207"]
[BlackRD "65"]
[GameID "108247"]

1. d4 Nf6 2. e3 g6 3. Bd3 d5 4. Nd2 Nc6 5. Ngf3 Bg7 6. O-O O-O 7. c3 Re8 8. e4 e5 9. dxe5 Nxe5 10. Nxe5 Rxe5
11. Nf3 Bg4 12. Bf4 Re8 13. exd5 Qxd5 14. h3 Bh5 15. c4 Qd7 16. Be2 Qe6 17. Re1 Bxf3 18. Bxf3 Qxc4 19. Qd2 Red8 20. Qc1 Qxc1
21. Raxc1 c6 22. Re7 Rd7 23. Rxd7 Nxd7 24. Rd1 Nb6 25. b3 Bf6 26. Be3 Rd8 27. g4 Rxd1+ 28. Bxd1 Nd5 29. Bxa7 Nc3 30. Bc2 Nxa2
31. f4 Nb4 32. Be4 Nd5 33. f5 Nc3 34. Bd3 gxf5 35. gxf5 Nd5 36. Be4 Bb2 37. Kf2 Kg7 38. Kf3 Kf6 39. Bf2 Ke5 40. Bb1 h5
41. Bd3 Bc1 42. h4 Bd2 43. Bg3+ Kd4 44. Be2 Kc3 45. Kf2 Kxb3 46. Bxh5 f6 47. Be8 Kc4 48. h5 Kd4 49. Kf3 Bh6 50. Bd7 Kc5
51. Be8 Kc4 52. Bf2 Kd3 53. Bd7 Nc3 54. Bb6 Ne4 55. Bc8 Nd6 56. Be6 Nc4 57. Bxc4+ Kxc4 58. Be3 Bf8 59. h6 b5 60. h7 Bg7
61. Ke2 Kd5 62. Kd3 Ke5 63. Bh6 Bh8 64. Bf8 Kxf5 65. Kd4 Kg6 66. Kc5 b4 67. Kxb4 Kxh7 68. Kc5=
1/2-1/2

[Event "Senior Master Norms for the Brave & Bold"]
[Site "SchemingMind.com"]
[Date "2007.06.07"]
[Round "-"]
[White "Robert Pallett"]
[Black "Aumonde"]
[Result "1-0"]
[WhiteCountry "ENG"]
[BlackCountry "USA"]
[WhiteElo "2317"]
[WhiteRD "72"]
[BlackElo "2275"]
[BlackRD "60"]
[GameID "108248"]

1. e4 c6 2. d4 d5 3. Nc3 e6 4. Nf3 Bb4 5. e5 c5 6. Bd2 cxd4 7. Nb5 Bc5 8. b4 Bb6 9. Nd6+ Kf8 10. Ng5 Nh6
11. Qh5 Qd7 12. Bd3 Kg8 13. f4 Bc7 14. f5 Bxd6 15. fxe6 fxe6 16. exd6 Nf5 17. Bxf5 exf5 18. O-O g6 19. Qh4 h6 20. Rae1 hxg5
21. Qxg5 Qf7 22. Re7
1-0

[Event "Senior Master Norms for the Brave & Bold"]
[Site "SchemingMind.com"]
[Date "2007.06.06"]
[Round "-"]
[White "Dread"]
[Black "Aumonde"]
[Result "1/2-1/2"]
[WhiteCountry "GER"]
[BlackCountry "USA"]
[WhiteElo "2128"]
[WhiteRD "86"]
[BlackElo "2262"]
[BlackRD "56"]
[GameID "108249"]

1. e4 e5 2. f4 d5 3. exd5 exf4 4. Nf3 Qxd5 5. Nc3 Qd6 6. d4 Ne7 7. Bc4 Be6 8. Qe2 Bxc4 9. Qxc4 Nbc6 10. Nb5 Qd7
11. Bxf4 O-O-O 12. O-O-O Nd5 13. Ne5 Qe6 14. Bg3 Nxe5 15. dxe5 Rd7 16. Nxa7+ Kb8 17. Nb5 Be7 18. Qa4 Bc5 19. Rd3 Rhd8 20. Qc4 Be3+
21. Kb1 Nf4 22. Rxd7 Qxd7 23. a3 Ne6 24. Rf1 Bb6 25. Rf3 Qe7 26. Rd3 h5 27. h4 g5 28. hxg5 Rxd3 29. Qxd3 Qxg5 30. Qf3 h4
31. Bh2 f5 32. Qd5 Qg8 33. b4 Be3 34. Nc3 f4 35. b5 Qg4=
1/2-1/2